[Event "1st ch-CHN Rapid w Prelim"]
[Site "Hefei CHN"]
[Date "2011.07.03"]
[Round "1"]
[White "Ju, Wenjun"]
[Black "Wang, Doudou"]
[Result "1-0"]
[WhiteTitle "WGM"]
[WhiteElo "2515"]
[BlackElo "2193"]
[WhiteFideId "8603006"]
[BlackFideId "8603197"]
[EventDate "2011.07.03"]

1. d4 Nf6 2. c4 g6 3. Nc3 Bg7 4. Nf3 O-O 5. Bg5 d6 6. e3 c6 7. Be2 Qe8 8. O-O
Nbd7 9. Qc2 e5 10. b4 h6 11. Bh4 Nh7 12. Ne4 g5 13. Nxd6 Qe6 14. Nxc8 gxh4 15.
Bd3 f5 16. Bxf5 Rxf5 17. Qxf5 Ndf8 18. Qxe6+ Nxe6 19. Ne7+ Kf7 20. Nf5 exd4 21.
Nxg7 Kxg7 22. Nxd4 Neg5 23. Nf5+ Kg6 24. Nxh4+ Kf6 25. Rad1 1-0

[Event "1st ch-CHN Rapid w Prelim"]
[Site "Hefei CHN"]
[Date "2011.07.03"]
[Round "1"]
[White "Zhai, Mo"]
[Black "Zhao, Xue"]
[Result "1/2-1/2"]
[WhiteTitle "WFM"]
[BlackTitle "GM"]
[WhiteElo "2198"]
[BlackElo "2470"]
[WhiteFideId "8600201"]
[BlackFideId "8601283"]
[EventDate "2011.07.03"]

1. e4 b6 2. d4 Bb7 3. Bd3 e6 4. Nd2 c5 5. c3 cxd4 6. cxd4 Nc6 7. Ngf3 Nge7 8.
O-O Ng6 9. Re1 Nb4 10. Bc4 d5 11. Bb5+ Bc6 12. Bxc6+ Nxc6 13. e5 Rc8 14. a3 Be7
15. Nf1 Nh4 16. Nxh4 Bxh4 17. Qg4 Kf8 18. Bd2 h5 19. Qf4 Be7 20. Rac1 Qd7 21.
Rc3 g6 22. Rf3 Qe8 23. h4 Kg8 24. Nh2 Bf8 25. Bc3 Bh6 26. Qg3 Ne7 27. Qh3 Nf5
28. Nf1 Qe7 29. g3 Kg7 30. Kg2 Rc4 31. Rd1 Rhc8 32. Kg1 a5 33. Rfd3 Kg8 34. Qg2
Qd8 35. f4 b5 36. Qd2 b4 37. axb4 axb4 38. Bxb4 Rc2 39. Qe1 Rxb2 40. Rc3 Rb8 41.
Ba5 Qe8 42. Bc7 Ra8 43. Rd2 Rb4 44. Qd1 Qa4 45. Qxa4 Raxa4 46. Bd6 Rc4 47. Rb3
Ra8 48. Rdb2 Rac8 49. Rb8 Bf8 50. Bc5 R8xc5 51. dxc5 Kg7 52. Rc8 Bxc5+ 53. Kg2
Ba3 54. Rbb8 Rxc8 55. Rxc8 Bb4 56. Kf3 Be1 57. Rc1 Bb4 58. Rb1 Bc5 59. Nd2 Nd4+
60. Kg2 Nf5 61. Nb3 Bb6 62. Kf3 Nd4+ 63. Nxd4 Bxd4 64. Rb7 Bc3 65. g4 Be1 66.
gxh5 gxh5 67. Rb1 Bxh4 68. Rh1 Be7 69. Rxh5 Kg6 70. Rh1 f6 71. Rg1+ Kf7 72. Re1
fxe5 73. fxe5 Kg6 74. Kf4 Bb4 75. Rg1+ Kf7 76. Rg2 Bf8 77. Rh2 Kg6 78. Rg2+ Kf7
79. Rc2 Bh6+ 80. Kg4 Bg7 81. Re2 Kg6 82. Re1 Bh6 83. Re2 Bg7 84. Kf4 Bh6+ 85.
Kg4 Bg7 86. Re3 Bh6 87. Rc3 Bg7 88. Rc6 Kf7 89. Kf4 Bh6+ 90. Kf3 Bg7 91. Kf4
Bh6+ 92. Kg4 Bg7 93. Rc7+ Kg6 94. Re7 Bxe5 95. Rxe6+ Bf6 96. Kf4 d4 97. Rd6 d3
98. Rxd3 Bg5+ 99. Kg4 Be7 100. Rd5 Kf6 101. Kf4 Ba3 102. Ra5 Bd6+ 103. Ke4 Bb4
104. Rb5 Bd2 105. Rb6+ Kg5 106. Rc6 Bb4 107. Ke5 Be1 108. Rc1 Bg3+ 109. Ke4 Bd6
110. Rg1+ Kf6 111. Rf1+ Kg5 112. Rd1 Bb8 113. Rd8 Bc7 114. Rc8 Bd6 115. Rd8 Bc7
116. Rd5+ Kf6 117. Rc5 Bb8 118. Rf5+ Kg6 119. Rb5 Bc7 120. Rb7 Bh2 121. Rb6+ Kg5
122. Rb5+ Kg6 123. Rb2 Bc7 124. Rc2 Bb8 125. Kd5 Kf5 126. Rc8 Ba7 127. Rf8+ Kg5
128. Ke5 Kg6 129. Ke6 Kg5 130. Ke5 Kg6 131. Rg8+ Kf7 132. Rg2 Bc5 133. Rc2 Bb6
134. Rc6 Bg1 135. Rf6+ Ke7 136. Rh6 Kf7 137. Kf5 Ke7 138. Re6+ Kd7 139. Ke5 Kc7
140. Kd5 Kb7 141. Rg6 Bf2 142. Rf6 Bg1 143. Rf1 Be3 144. Kd6 Bd4 145. Rb1+ Ka7
146. Kc6 Be3 147. Rb7+ Ka8 148. Rb4 Bf2 149. Ra4+ Kb8 150. Rf4 Be3 151. Rf3 Bg1
152. Rh3 Bf2 153. Rh8+ Ka7 154. Rf8 Bg1 155. Rf1 Bd4 156. Kc7 Ka6 157. Kc6 Ka5
158. Rb1 Bf6 159. Rf1 Bb2 160. Rb1 Bf6 161. Rb5+ Ka4 162. Kc5 Bg7 163. Kc4 Ka3
164. Rf5 Bh6 165. Rf2 Bg7 166. Rg2 Bf6 167. Rg3+ Ka2 168. Re3 Bg7 169. Rf3 Be5
170. Rf2+ Ka3 171. Re2 Bf6 172. Re6 Bg7 173. Rb6 Be5 174. Rb5 Bg7 175. Ra5+ Kb2
176. Rg5 Bf6 177. Rg6 Be5 178. Rb6+ Ka3 179. Re6 Bg7 180. Re3+ Kb2 181. Rb3+ Ka2
182. Kb4 Bb2 183. Rg3 1/2-1/2

[Event "1st ch-CHN Rapid w Prelim"]
[Site "Hefei CHN"]
[Date "2011.07.03"]
[Round "1"]
[White "Shen, Yang"]
[Black "Yu, Moqi"]
[Result "1-0"]
[WhiteTitle "WGM"]
[WhiteElo "2459"]
[BlackElo "2106"]
[WhiteFideId "8603162"]
[BlackFideId "8604533"]
[EventDate "2011.07.03"]

1. d4 d5 2. Nf3 Nf6 3. c4 e6 4. Nc3 Bb4 5. cxd5 exd5 6. Bg5 O-O 7. e3 b6 8. Rc1
h6 9. Bh4 c5 10. Bd3 Bb7 11. O-O Bxc3 12. bxc3 Qd6 13. Ne5 Nbd7 14. f4 c4 15.
Bb1 b5 16. Bf5 Bc6 17. g4 Ne4 18. Qc2 Nxe5 19. fxe5 Qc7 20. Rcd1 a5 21. Bxe4
dxe4 22. d5 Bd7 23. Qxe4 b4 24. g5 h5 25. Bg3 Qc8 26. g6 fxg6 27. e6 Rxf1+ 28.
Rxf1 Be8 29. Be5 b3 30. Qf4 Ra7 31. Qf8+ Kh7 32. h3 Qd8 33. Bd4 Qg5+ 34. Kh2 Qd8
35. Bxa7 1-0

[Event "1st ch-CHN Rapid w Prelim"]
[Site "Hefei CHN"]
[Date "2011.07.03"]
[Round "1"]
[White "Li, Xueyi"]
[Black "Wang, Yu A."]
[Result "1/2-1/2"]
[BlackTitle "IM"]
[WhiteElo "2082"]
[BlackElo "2399"]
[WhiteFideId "8605912"]
[BlackFideId "8601097"]
[EventDate "2011.07.03"]

1. d4 Nf6 2. c4 c5 3. d5 e6 4. Nc3 d6 5. e4 g6 6. Nf3 exd5 7. cxd5 Bg7 8. h3 a6
9. a4 Nbd7 10. Be2 O-O 11. O-O Re8 12. Bf4 Nxe4 13. Nxe4 Rxe4 14. Bxd6 Qb6 15.
Bd3 Rb4 16. Bg3 Bxb2 17. Qe2 Qd8 18. Rab1 Bg7 19. Qc2 Rxb1 20. Rxb1 b6 21. Bc4
Nf6 22. Rd1 Bf5 23. Qb3 Ne4 24. d6 Nxg3 25. Bxf7+ Kh8 26. fxg3 Qf6 27. Bc4 Qb2
28. Qxb2 Bxb2 29. g4 Bd7 30. Rb1 Bf6 31. Rxb6 Bxa4 32. Bd5 Rd8 33. Rxa6 Bd1 34.
Rc6 Bxf3 35. Bxf3 Be5 36. Kf1 1/2-1/2

[Event "1st ch-CHN Rapid w Prelim"]
[Site "Hefei CHN"]
[Date "2011.07.03"]
[Round "1.5"]
[White "Tan, Zhongyi"]
[Black "Lei, Tingjie"]
[Result "1-0"]
[WhiteTitle "WGM"]
[WhiteElo "2396"]
[BlackElo "2061"]
[WhiteFideId "8603642"]
[BlackFideId "8605114"]
[EventDate "2011.07.03"]

1. c4 Nf6 2. Nc3 c5 3. g3 g6 4. Bg2 Bg7 5. Nf3 Nc6 6. O-O O-O 7. d4 cxd4 8. Nxd4
d6 9. Nxc6 bxc6 10. Bxc6 Rb8 11. Bg2 Be6 12. b3 Nd7 13. Bd2 Nc5 14. Rc1 Qd7 15.
Nd5 Bf5 16. Bc3 Bh6 17. e3 f6 18. Bd4 Rf7 19. Qd2 Ne4 20. Qa5 e6 21. Nb4 Ng5 22.
c5 dxc5 23. Bxc5 Be4 24. Rfd1 Qb7 25. Rd8+ Rxd8 26. Qxd8+ Kg7 27. Bf8+ Rxf8 28.
Rc7+ Kg8 29. Qe7 Qb6 30. Bxe4 Rf7 31. Qe8+ Rf8 32. Qe7 Rf7 33. Qe8+ Rf8 34. Qe7
Rf7 35. Qe8+ Rf8 36. Qe7 Rf7 37. Qe8+ Rf8 38. Qd7 Qxb4 39. h4 Nf7 40. Qxe6 Qb8
41. Qe7 Qd8 42. Rxa7 Qxe7 43. Rxe7 Rd8 44. a4 f5 45. Bb7 Kf8 46. Rc7 Rd1+ 47.
Kg2 Ra1 48. Bd5 Ne5 49. h5 Ng4 50. Rf7+ Ke8 51. Rxh7 gxh5 52. Bf7+ Kd8 53. Bxh5
Bg5 54. Bxg4 fxg4 55. Rg7 Be7 56. Rxg4 Rb1 57. Rd4+ Ke8 58. Rd3 1-0

[Event "1st ch-CHN Rapid w Prelim"]
[Site "Hefei CHN"]
[Date "2011.07.03"]
[Round "1.6"]
[White "Li, Zhuoling"]
[Black "Zhang, Xiaowen"]
[Result "1-0"]
[WhiteTitle "WFM"]
[BlackTitle "WGM"]
[WhiteElo "1907"]
[BlackElo "2389"]
[WhiteFideId "8605629"]
[BlackFideId "8603219"]
[EventDate "2011.07.03"]

1. e4 e6 2. d4 d5 3. e5 c5 4. c3 Nc6 5. Nf3 Bd7 6. Be2 Nge7 7. O-O Ng6 8. g3 Be7
9. h4 O-O 10. h5 Nh8 11. h6 g6 12. dxc5 Bxc5 13. b4 Be7 14. b5 Na5 15. Be3 f5
16. Nbd2 Nf7 17. Nb3 Rc8 18. Rc1 Nc4 19. Bxc4 Rxc4 20. Nbd4 Qa5 21. Qb3 Rfc8 22.
Bd2 Bf8 23. Rfe1 Bxh6 24. Bxh6 Nxh6 25. Re3 Ng4 26. Rd3 R4c5 27. Qb2 Qc7 28. Qe2
Bxb5 29. Nxb5 Rxb5 30. Nd4 Rb6 31. f4 Qc5 32. Kg2 Qa3 33. Rc2 Kf7 34. Nf3 h6 35.
Kh3 Rb1 36. Kg2 Rc4 37. Nd2 Re4 38. Nxe4 fxe4 39. Rd4 h5 40. Rdd2 Qc5 41. Rd4
Nh6 42. Rb2 Rc1 43. Rxb7+ Kg8 44. Qa6 Rc2+ 45. Kh3 Qf8 46. Qxe6+ Kh8 47. Qf6+
Qxf6 48. exf6 Ng4 49. Kh4 Rxc3 50. Rxd5 Rc8 51. Kg5 e3 52. Rdd7 Kg8 53. Rg7+ Kf8
54. Rbf7+ Ke8 55. Re7+ Kf8 56. Rh7 1-0

[Event "1st ch-CHN Rapid w Prelim"]
[Site "Hefei CHN"]
[Date "2011.07.03"]
[Round "2.2"]
[White "Ding, Yixin"]
[Black "Shen, Yang"]
[Result "0-1"]
[WhiteTitle "WGM"]
[BlackTitle "WGM"]
[WhiteElo "2330"]
[BlackElo "2459"]
[WhiteFideId "8602972"]
[BlackFideId "8603162"]
[EventDate "2011.07.03"]

1. e4 e5 2. Nf3 Nc6 3. Bb5 a6 4. Ba4 Nf6 5. O-O b5 6. Bb3 Be7 7. c3 O-O 8. d3
Bb7 9. Re1 d6 10. Nbd2 Qd7 11. Nf1 Nd8 12. Ng3 Ne6 13. d4 exd4 14. cxd4 d5 15.
e5 Ne4 16. Bc2 Rad8 17. Be3 f5 18. exf6 Bxf6 19. Nh5 Be7 20. Ne5 Qe8 21. Qg4 Bc8
22. Qe2 Bg5 23. Rf1 c5 24. dxc5 Bxe3 25. fxe3 Rxf1+ 26. Rxf1 N6xc5 27. Nf7 Rd7
28. Nxg7 Qxf7 29. Rxf7 Rxf7 30. Nh5 Rf2 31. Qxf2 Nxf2 32. Kxf2 Be6 33. Nf6+ Kg7
34. Nxh7 Ne4+ 35. Bxe4 dxe4 36. Ng5 Bxa2 37. Nxe4 Bb1 38. Nc5 a5 39. e4 Kf6 40.
Ke3 Ba2 41. Kd4 Bc4 42. g3 Be2 43. Kd5 Ke7 44. h4 a4 45. Kd4 Kd6 46. Nd3 Bd1 47.
e5+ Ke7 48. Kc5 Ke6 49. Kxb5 Kd5 50. Kb4 Kd4 51. Nc5 Kxe5 52. Nxa4 Kf5 53. Nc5
Kg4 54. Ne4 Bf3 55. Nf6+ Kf5 56. Nd7 Bc6 57. Nb8 Bf3 58. Kc5 Kg4 59. b4 Kxg3 60.
b5 Kxh4 61. Nc6 Be2 62. b6 Ba6 63. Nb8 Bb7 64. Kd6 Kg5 65. Kc7 Ba8 66. Nc6 Kf6
67. Kd7 Bb7 68. Na5 Ba8 69. Nc4 Bd5 70. Nd6 Ke5 71. Nb5 Ba8 72. Kc8 Ke4 73. Kb8
Bc6 74. Na7 Bd5 75. Nc8 Kd4 76. Ne7 Be4 77. Kc7 Kc5 78. Nf5 Bd5 79. Ng7 Bh1 80.
Ne6+ Kb5 81. Nd4+ Kc5 82. Nb3+ Kb5 83. Nd4+ Kc5 84. Ne2 Bf3 85. Nc3 Bh1 86. Ne2
Bf3 87. Nf4 Bh1 88. Ne6+ Kb5 89. Nd8 Bg2 90. Nb7 Bh1 91. Nd6+ 0-1

[Event "1st ch-CHN Rapid w Prelim"]
[Site "Hefei CHN"]
[Date "2011.07.03"]
[Round "2.3"]
[White "Gu, Xiaobing"]
[Black "Tan, Zhongyi"]
[Result "0-1"]
[WhiteTitle "WGM"]
[BlackTitle "WGM"]
[WhiteElo "2341"]
[BlackElo "2396"]
[WhiteFideId "8602611"]
[BlackFideId "8603642"]
[EventDate "2011.07.03"]

1. e4 d6 2. d4 Nf6 3. Nc3 g6 4. f4 Bg7 5. Nf3 c5 6. Bb5+ Bd7 7. Bxd7+ Nbxd7 8.
d5 O-O 9. Qe2 a6 10. a4 b5 11. axb5 axb5 12. Rxa8 Qxa8 13. Nxb5 Qa5+ 14. Nc3 Qb4
15. O-O Nb6 16. Bd2 Nfd7 17. Nd1 Qc4 18. Qxc4 Nxc4 19. b3 Nxd2 20. Nxd2 f5 21.
exf5 Rxf5 22. c4 Bd4+ 23. Kh1 Rf8 24. g3 Ra8 25. Nf2 Ra2 26. Nfe4 Nf6 27. Rb1 h6
28. Nxf6+ Bxf6 29. Nf3 Rf2 30. Ne1 Bd4 31. Ng2 Kf7 32. g4 Kg7 33. h4 h5 34. gxh5
gxh5 35. Kh2 Rf3 36. b4 cxb4 37. Rxb4 Kf6 38. Rb8 Kf5 39. Rg8 Bf6 40. Rf8 Rc3
41. Kg1 Ke4 42. Rf7 Kf3 43. Ne1+ Ke2 44. Ng2 Rc1+ 45. Kh2 Kf3 46. Rf8 Rxc4 47.
Rg8 Rc2 48. Rg3+ Ke4 49. Kh3 Rc3 50. Rxc3 Bxc3 51. Kg3 Bd2 52. f5 Kxf5 53. Kf3
Ke5 54. Ke2 Bh6 55. Ne1 Kxd5 56. Nd3 e5 57. Nf2 e4 58. Nh1 Bf4 59. Nf2 Ke5 60.
Nh3 d5 61. Kf2 d4 62. Ke2 d3+ 63. Kf2 Bh6 64. Ng1 Kd4 65. Nh3 Be3+ 66. Ke1 Ke5
67. Kd1 Kf5 0-1

[Event "1st ch-CHN Rapid w Prelim"]
[Site "Hefei CHN"]
[Date "2011.07.03"]
[Round "2.4"]
[White "Zhao, Xue"]
[Black "Li, Zhuoling"]
[Result "1-0"]
[WhiteTitle "GM"]
[BlackTitle "WFM"]
[WhiteElo "2470"]
[BlackElo "1907"]
[WhiteFideId "8601283"]
[BlackFideId "8605629"]
[EventDate "2011.07.03"]

1. d4 Nf6 2. c4 g6 3. Nc3 d5 4. Nf3 Bg7 5. e3 O-O 6. h3 c5 7. dxc5 Qa5 8. cxd5
Ne4 9. Bd2 Nxc3 10. bxc3 Qxc5 11. e4 e6 12. dxe6 Bxe6 13. Be2 Nc6 14. O-O Rfd8
15. Qc2 Rac8 16. Rfc1 Na5 17. Rab1 b6 18. Ba6 Rc7 19. Bf4 Rcd7 20. Bg5 Rb8 21.
Bb5 Rdb7 22. Be3 Qe7 23. Nd4 Bd7 24. Bf4 Be5 25. Bxe5 Qxe5 26. Re1 Rc7 27. Bxd7
Rxd7 28. Qa4 Rbd8 29. Qb4 Qc7 30. e5 Nc6 31. Nxc6 Qxc6 32. Qb3 Re7 33. Re3 Rde8
34. Rbe1 Re6 35. f4 Kg7 36. Kh2 Kh8 37. Qb4 Kg7 38. Rd1 a5 39. Qd4 Rc8 40. Rdd3
Qc4 41. a3 Qxd4 42. cxd4 Kf8 43. d5 Re7 44. Rb3 Rb7 45. Rb5 Rc4 46. Kg3 a4 47.
Kf3 Ke7 48. g4 Kd7 49. f5 Rc5 50. e6+ fxe6 51. dxe6+ Ke7 52. Rxc5 bxc5 53. Kf4
Rb3 54. Re4 gxf5 55. gxf5 Rxh3 56. Ke5 Rh6 57. Rxa4 Rh1 58. f6+ 1-0

[Event "1st ch-CHN Rapid w Prelim"]
[Site "Hefei CHN"]
[Date "2011.07.03"]
[Round "2.5"]
[White "Wang, Yu A."]
[Black "Zhai, Mo"]
[Result "1/2-1/2"]
[WhiteTitle "IM"]
[BlackTitle "WFM"]
[WhiteElo "2399"]
[BlackElo "2198"]
[WhiteFideId "8601097"]
[BlackFideId "8600201"]
[EventDate "2011.07.03"]

1. e4 c5 2. Nf3 Nc6 3. d4 cxd4 4. Nxd4 g6 5. c4 Bg7 6. Be3 Nf6 7. Nc3 d6 8. Be2
O-O 9. O-O Bd7 10. Qd2 a6 11. Rfd1 Nxd4 12. Bxd4 Bc6 13. Qe3 Nd7 14. Bxg7 Kxg7
15. b4 b6 16. a3 Bb7 17. Rac1 a5 18. Nd5 Kg8 19. h3 Re8 20. Bf1 Bc6 21. Qd4 Qb8
22. Rb1 axb4 23. axb4 Qb7 24. Nc3 Nf6 25. e5 dxe5 26. Qxe5 Qb8 27. Qe2 Ra3 28.
Nd5 Bxd5 29. cxd5 Qd6 30. Qb2 Rea8 31. Bc4 Ne4 32. Rbc1 b5 33. Bxb5 Ra2 34. Qd4
Nxf2 35. Rd2 Nxh3+ 36. gxh3 Qg3+ 37. Kh1 Qxh3+ 38. Kg1 Qg3+ 39. Kh1 Qh3+ 40. Kg1
Qg3+ 41. Kh1 Qh3+ 42. Kg1 Qg3+ 43. Kh1 Qh3+ 44. Kg1 Rxd2 45. Qxd2 Ra3 46. Bf1
Qg4+ 47. Bg2 Rb3 48. d6 exd6 49. Qxd6 Rxb4 50. Ra1 Qd4+ 51. Qxd4 Rxd4 52. Kf2
Rd2+ 53. Kg3 Kg7 54. Ra7 h5 55. Bc6 Rd6 56. Be8 Rf6 57. Kh4 Rf4+ 58. Kg3 Rf5 59.
Bd7 Rf6 60. Bb5 g5 61. Bd3 Rd6 62. Bc4 Rf6 63. Ra5 Kh6 64. Ra7 h4+ 65. Kg2 Kg6
66. Bd3+ Kh5 67. Be2+ Kh6 68. Bc4 Kg7 69. Ra5 Kg6 70. Bd3+ Kh6 71. Rf5 Rd6 72.
Be2 Kg6 73. Ra5 f5 74. Ra8 g4 75. Rg8+ Kf6 76. Bxg4 Kf7 77. Rg5 fxg4 78. Rxg4
h3+ 79. Kxh3 1/2-1/2

[Event "1st ch-CHN Rapid w Prelim"]
[Site "Hefei CHN"]
[Date "2011.07.03"]
[Round "2.6"]
[White "Zhang, Xiaowen"]
[Black "Li, Xueyi"]
[Result "1/2-1/2"]
[WhiteTitle "WGM"]
[WhiteElo "2389"]
[BlackElo "2082"]
[WhiteFideId "8603219"]
[BlackFideId "8605912"]
[EventDate "2011.07.03"]

1. e4 c6 2. d4 d5 3. e5 c5 4. c3 Nc6 5. Nf3 Bg4 6. Be2 e6 7. Be3 Bxf3 8. Bxf3
cxd4 9. cxd4 Nge7 10. O-O Nf5 11. Nc3 Be7 12. Qd3 Nxe3 13. fxe3 O-O 14. Bg4 Bg5
15. Rf3 a6 16. Raf1 Qe7 17. Rh3 h6 18. Bd1 Nb4 19. Qb1 Qc7 20. a3 Nc6 21. Qd3
Ne7 22. e4 Qc4 23. exd5 Qxd3 24. Rxd3 exd5 25. Bf3 Rad8 26. g3 h5 27. Bxh5 Nc6
28. Kg2 g6 29. Bd1 Bc1 30. Ba4 Bxb2 31. Bxc6 bxc6 32. Na4 Rb8 33. Nc5 Rb5 34. a4
Rb4 35. Rf4 Bc1 36. Rf6 Bg5 37. Rxc6 Rb2+ 38. Kh3 Kg7 39. Kg4 Bd8 40. h4 a5 41.
Rd6 Rb4 42. Rxd5 Be7 43. Nb3 Rxa4 44. Rxa5 Rb4 45. Ra7 Re8 46. Kf3 Kf8 47. Ke4
Reb8 48. Nd2 Rd8 49. Rc7 f6 50. Nf3 Re8 51. Ra3 fxe5 52. Rd7 exd4 53. Kd3 Rb1
54. Ra2 Rd1+ 55. Kc4 Rc8+ 56. Kd5 d3 57. Rf2 Ke8 58. Rb7 Rc2 59. Ke6 Rxf2 60.
Rxe7+ Kd8 61. Ne5 Re1 62. Rd7+ Kc8 63. Rxd3 Rfe2 64. Rd5 Re3 65. g4 Rh1 66. Kf6
Rxh4 67. Kg5 Rh1 68. Kxg6 Rhe1 69. Nf7 Re6+ 70. Kg7 Re7 71. g5 Rd7 72. Rf5 Red1
73. g6 R1d5 74. Rf6 Kc7 75. Kf8 Ra5 76. Kg7 Ra1 77. Kg8 Re7 78. g7 Rg1 79. Kf8
Kd7 80. Rd6+ Kc7 81. Kxe7 Rxg7 82. Rd2 Kc6 83. Kf6 Rg1 84. Ne5+ Kc5 85. Ke6 Rh1
86. Rd5+ Kb4 87. Rd4+ Kc3 88. Kd5 Rh5 89. Rc4+ Kd2 90. Ra4 Ke2 91. Ra3 Kd2 92.
Ke4 Rh4+ 93. Kf5 Rh5+ 94. Kf4 Rh4+ 95. Ng4 Rh8 96. Rg3 Rf8+ 97. Ke4 Ra8 98. Rd3+
Kc2 99. Ne3+ Kb2 100. Kf3 Rb8 101. Nc4+ Kc2 102. Ke2 Rb3 103. Ne3+ Kb2 104. Rd2+
Kc3 105. Rd3+ Kb4 106. Nc2+ Kc4 107. Rd8 Rh3 108. Ne3+ Kc5 109. Kd3 Rg3 110. Ke4
Rh3 111. Nf5 Rh1 112. Rc8+ Kb4 113. Ne3 Rh4+ 114. Kd3 Rh3 115. Rc1 Kb5 116. Rc3
Kb4 117. Rc4+ Kb5 118. Rc8 Kb4 119. Ke4 Rh4+ 120. Ke5 Rh5+ 121. Nf5 Rh1 122. Ke4
Rd1 123. Ne3 Rh1 124. Nd5+ Kb3 125. Rc3+ Kb2 126. Rg3 Rh4+ 127. Nf4 Kc2 128. Rf3
Rh8 129. Kd4 Ra8 130. Rc3+ Kd2 131. Rd3+ Kc2 132. Nd5 Rd8 133. Rg3 Rd6 134. Kc4
Rc6+ 135. Kb5 Rh6 136. Ne3+ Kd2 137. Nc4+ Ke2 138. Kc5 Rh4 139. Kd5 Kf2 140. Rd3
Rh8 141. Nd6 Ke2 142. Kd4 Rd8 143. Ke4 Ra8 144. Re3+ Kf2 145. Rc3 Rd8 146. Nf5
Re8+ 147. Kf4 Ke1 148. Ng3 Kd2 149. Ra3 Rf8+ 150. Nf5 Rc8 151. Nd6 Rf8+ 152. Ke4
Rh8 153. Kd4 Rh4+ 154. Ne4+ Ke2 155. Re3+ Kf1 156. Kd3 Kg2 157. Ke2 Rf4 158. Ng5
Rf2+ 159. Kd3 Rf5 160. Kd4 1/2-1/2

[Event "1st ch-CHN Rapid w Prelim"]
[Site "Hefei CHN"]
[Date "2011.07.03"]
[Round "3.4"]
[White "Zhai, Mo"]
[Black "Ding, Yixin"]
[Result "1/2-1/2"]
[WhiteTitle "WFM"]
[BlackTitle "WGM"]
[WhiteElo "2198"]
[BlackElo "2330"]
[WhiteFideId "8600201"]
[BlackFideId "8602972"]
[EventDate "2011.07.03"]

1. e4 c5 2. Nf3 d6 3. d4 cxd4 4. Nxd4 Nf6 5. Nc3 a6 6. Bc4 e6 7. Bb3 b5 8. Qf3
Qb6 9. Be3 Qb7 10. O-O Be7 11. Rfe1 O-O 12. Rad1 Nc6 13. Qg3 Bd7 14. Bh6 Ne8 15.
Nd5 Bd8 16. Nf5 exf5 17. exf5 Ne5 18. f6 Ng6 19. Ne7+ Bxe7 20. fxe7 gxh6 21.
exf8=Q+ Kxf8 22. h4 h5 23. Rd3 Bc6 24. Rde3 Qd7 25. f3 Qf5 26. Rc3 Bb7 27. Kh2
Rd8 28. a4 Qf6 29. Qg5 Qxg5 30. hxg5 Ne7 31. Kg3 Nd5 32. Rd3 Ne7 33. Kh4 Ng7 34.
axb5 axb5 35. Ra1 Ng6+ 36. Kg3 Nf5+ 37. Kf2 Ne5 38. Rd2 Ra8 39. Rxa8+ Bxa8 40.
Bd5 Nc4 41. Bxc4 bxc4 42. g4 hxg4 43. fxg4 Ng7 44. Rxd6 Ne6 45. Ke3 Bg2 46. Kf2
Be4 47. Rd2 Nxg5 48. Ke3 Bc6 49. Rd4 Ne6 50. Rxc4 Bd5 51. Ra4 Ke7 52. c4 Bg2 53.
Ra5 Kd6 54. b4 Bf1 55. c5+ Kd5 56. Ra7 Ng5 57. Kf4 h6 58. Rb7 Bg2 59. Rd7+ Kc4
60. Rd6 Kxb4 61. Rxh6 Ne6+ 62. Kf5 Nxc5 63. Rd6 Be4+ 64. Ke5 Bc2 65. Rd4+ Kb5
66. Kd6 Bb3 67. Rf4 Nd3 68. Re4 Bc4 69. Ke7 Kc5 70. Rxc4+ Kxc4 71. Kxf7 Ne5+ 72.
Ke6 Nxg4 1/2-1/2

[Event "1st ch-CHN Rapid w Prelim"]
[Site "Hefei CHN"]
[Date "2011.07.03"]
[Round "3.6"]
[White "Li, Zhuoling"]
[Black "Wang, Doudou"]
[Result "1-0"]
[WhiteTitle "WFM"]
[WhiteElo "1907"]
[BlackElo "2193"]
[WhiteFideId "8605629"]
[BlackFideId "8603197"]
[EventDate "2011.07.03"]

1. e4 e5 2. Nf3 Nc6 3. Bb5 a6 4. Ba4 Nf6 5. O-O Nxe4 6. d4 b5 7. Bb3 d5 8. dxe5
Be6 9. Be3 Be7 10. a4 b4 11. Nd4 Nxd4 12. Bxd4 O-O 13. a5 f5 14. exf6 Bxf6 15.
c3 Qd6 16. Bc2 bxc3 17. Nxc3 Nxc3 18. bxc3 c5 19. Bxf6 Rxf6 20. Rb1 Qe5 21. Qe1
Qg5 22. f4 Qh5 23. Qe5 Qg4 24. h3 Qg3 25. Rf3 Qh4 26. f5 Bf7 27. Rb8+ Rxb8 28.
Qxb8+ Be8 29. Qxe8+ Rf8 30. Qe6+ Kh8 31. Qxd5 Qe7 32. Qe4 Qc7 33. Qf4 Qxa5 34.
Qd2 c4 35. Qf2 Qe5 36. Re3 Qc7 37. Qe2 Qc5 38. Kh1 Qc6 39. Re4 Rc8 40. Re6 Qd7
41. Rxa6 Qb7 42. Re6 Qd7 43. Re7 Qc6 44. Qe5 Rg8 45. f6 Ra8 46. fxg7+ Kg8 47.
Be4 1-0

[Event "1st ch-CHN Rapid w Prelim"]
[Site "Hefei CHN"]
[Date "2011.07.04"]
[Round "4.1"]
[White "Zhao, Xue"]
[Black "Shen, Yang"]
[Result "1-0"]
[WhiteTitle "GM"]
[BlackTitle "WGM"]
[WhiteElo "2470"]
[BlackElo "2459"]
[WhiteFideId "8601283"]
[BlackFideId "8603162"]
[EventDate "2011.07.03"]

1. d4 d5 2. c4 c6 3. Nc3 dxc4 4. e3 b5 5. a4 b4 6. Ne4 Qd5 7. Ng3 Nf6 8. Be2 e6
9. Nf3 Nbd7 10. O-O a5 11. Qc2 b3 12. Qb1 Nb6 13. Ne5 Bb7 14. Rd1 h5 15. e4 Qd8
16. Be3 Bb4 17. Nxc4 h4 18. Nf1 h3 19. g3 Ba6 20. Nxb6 Bxe2 21. Nxa8 Qxa8 22.
Nd2 Bxd2 23. Rxd2 Bf3 24. e5 Ng4 25. Qf1 f6 26. Rc1 Kf7 27. exf6 Nxf6 28. Bf4
Qd8 29. Rd3 Bd5 30. Qe2 Qb6 31. Qe5 Qb4 32. Bd2 Qb6 33. Qe1 Qa6 34. Re3 Ng4 35.
Rec3 Nf6 36. f3 Qb6 37. Qf2 Kg6 38. Rc5 Rf8 39. Bxa5 Qa7 40. Rxd5 cxd5 41. Qd2
Qa6 42. Re1 Rc8 43. Bc3 Qxa4 44. Rxe6 Qd7 45. Re5 Kf7 46. Qd1 Ra8 47. Kf2 Qb5
48. g4 Ra2 49. Kg3 Qa6 50. Re1 g5 51. Kxh3 Qb6 52. Qd2 Kg6 53. Qd3+ Kf7 54. Qf5
Ra8 55. Qxg5 Rh8+ 56. Kg2 Qc7 57. Qe5 Qd7 58. Qf4 Kg7 59. Re5 1-0

[Event "1st ch-CHN Rapid w Prelim"]
[Site "Hefei CHN"]
[Date "2011.07.04"]
[Round "4.3"]
[White "Lei, Tingjie"]
[Black "Li, Xueyi"]
[Result "1-0"]
[WhiteElo "2061"]
[BlackElo "2082"]
[WhiteFideId "8605114"]
[BlackFideId "8605912"]
[EventDate "2011.07.03"]

1. d4 d5 2. Nf3 Nf6 3. g3 g6 4. Bg2 Bg7 5. O-O O-O 6. c4 c6 7. b3 Bf5 8. Nbd2
Qc8 9. Re1 Na6 10. Ba3 Re8 11. Rc1 Qd8 12. Bb2 b5 13. Ne5 bxc4 14. bxc4 Qb6 15.
Nb3 Rac8 16. Bc3 Nb4 17. Qd2 Na6 18. Ba5 Qb7 19. f3 Nd7 20. Nxd7 Qxd7 21. e4 Bh3
22. c5 Bxg2 23. Kxg2 e5 24. dxe5 Rxe5 25. Bc3 Rh5 26. g4 Bxc3 27. Qxc3 Rh6 28.
exd5 cxd5 29. Qf6 Qa4 30. Re2 Nb4 31. Nd4 Nd3 32. Rc3 g5 33. Qxh6 Nf4+ 34. Kg3
Qxd4 35. Qxg5+ Ng6 36. Rce3 Qa4 37. h4 Kg7 38. h5 Rc6 39. h6+ 1-0

[Event "1st ch-CHN Rapid w Prelim"]
[Site "Hefei CHN"]
[Date "2011.07.04"]
[Round "4.4"]
[White "Ding, Yixin"]
[Black "Li, Zhuoling"]
[Result "1-0"]
[WhiteTitle "WGM"]
[BlackTitle "WFM"]
[WhiteElo "2330"]
[BlackElo "1907"]
[WhiteFideId "8602972"]
[BlackFideId "8605629"]
[EventDate "2011.07.03"]

1. e4 c5 2. Nf3 Nc6 3. d4 cxd4 4. Nxd4 e5 5. Nb5 d6 6. c4 Be7 7. N1c3 a6 8. Na3
f5 9. exf5 Bxf5 10. Bd3 Be6 11. O-O Nf6 12. Nc2 O-O 13. b3 Rc8 14. Ne4 Nd7 15.
Ne3 Nd4 16. Ba3 Nc5 17. Nxc5 dxc5 18. Be4 b5 19. Qd3 g6 20. Rad1 Qe8 21. Nd5 Bg5
22. Kh1 b4 23. Bb2 Bh6 24. Rde1 Qf7 25. Qg3 Bf4 26. Nxf4 Qxf4 27. Bd3 Qxg3 28.
hxg3 Nc6 29. Bxe5 Nxe5 30. Rxe5 Bd7 31. Kg1 Rfe8 32. Rfe1 Kf7 33. f4 Kf6 34. Kf2
h5 35. Rg5 Kf7 1-0

[Event "1st ch-CHN Rapid w Prelim"]
[Site "Hefei CHN"]
[Date "2011.07.04"]
[Round "4.5"]
[White "Zhang, Xiaowen"]
[Black "Ju, Wenjun"]
[Result "0-1"]
[WhiteTitle "WGM"]
[BlackTitle "WGM"]
[WhiteElo "2389"]
[BlackElo "2515"]
[WhiteFideId "8603219"]
[BlackFideId "8603006"]
[EventDate "2011.07.03"]

1. e4 c5 2. Nf3 d6 3. Nc3 a6 4. g3 e5 5. d3 g6 6. a4 Bg7 7. Nd5 Nc6 8. Bg2 Nge7
9. Bg5 h6 10. Bf6 O-O 11. O-O Bxf6 12. Nxf6+ Kg7 13. Nd5 Be6 14. Nd2 Bxd5 15.
exd5 Nb4 16. c3 Nbxd5 17. Qb3 Nc7 18. d4 cxd4 19. cxd4 exd4 20. Qxb7 d5 21. Rac1
Ne6 22. b3 Qd6 23. Bxd5 Nxd5 24. Nc4 Qd8 25. Ne5 Nc3 26. Rfe1 Qd5 27. Qe7 Rae8
28. Qa7 Ng5 29. f4 Nh3+ 0-1